Elementary Algebra (Record no. 19661)
[ view plain ]
| 000 -LEADER | |
|---|---|
| fixed length control field | 02090nam a2200361 4500 |
| 001 - CONTROL NUMBER | |
| control field | OTLid0000260 |
| 003 - CONTROL NUMBER IDENTIFIER | |
| control field | MnU |
| 005 - DATE AND TIME OF LATEST TRANSACTION | |
| control field | 20201105133311.0 |
| 006 - FIXED-LENGTH DATA ELEMENTS--ADDITIONAL MATERIAL CHARACTERISTICS | |
| fixed length control field | m o d s |
| 008 - FIXED-LENGTH DATA ELEMENTS--GENERAL INFORMATION | |
| fixed length control field | 180907s2010 mnu o 0 0 eng d |
| 040 ## - CATALOGING SOURCE | |
| Original cataloging agency | MnU |
| Language of cataloging | eng |
| Transcribing agency | MnU |
| 050 #4 - LIBRARY OF CONGRESS CALL NUMBER | |
| Classification number | QA1 |
| 050 #4 - LIBRARY OF CONGRESS CALL NUMBER | |
| Classification number | QA37.3 |
| 100 1# - MAIN ENTRY--PERSONAL NAME | |
| Personal name | Ellis, Wade |
| Relator term | author |
| 245 00 - TITLE STATEMENT | |
| Title | Elementary Algebra |
| Statement of responsibility, etc. | Wade Ellis |
| 264 #2 - PRODUCTION, PUBLICATION, DISTRIBUTION, MANUFACTURE, AND COPYRIGHT NOTICE | |
| Name of producer, publisher, distributor, manufacturer | Open Textbook Library |
| 264 #1 - PRODUCTION, PUBLICATION, DISTRIBUTION, MANUFACTURE, AND COPYRIGHT NOTICE | |
| Name of producer, publisher, distributor, manufacturer | OpenStax CNX |
| 300 ## - PHYSICAL DESCRIPTION | |
| Extent | 1 online resource |
| 490 0# - SERIES STATEMENT | |
| Series statement | Open textbook library. |
| 505 0# - FORMATTED CONTENTS NOTE | |
| Formatted contents note | 1 Arithmetic Review -- 2 Basic Properties of Real Numbers -- 3 Basic Operations with Real Numbers -- 4 Algebraic Expressions and Equations -- 5 Solving Linear Equations and Inequalities -- 6 Factoring Polynomials -- 7 Graphing Linear Equations and Inequalities in One and Two Variables -- 8 Rational Expressions -- 9 Roots, Radicals, and Square Root Equations -- 10 Quadratic Equations -- 11 Systems of Linear Equations -- 12 Appendix |
| 520 0# - SUMMARY, ETC. | |
| Summary, etc. | Elementary Algebra is a work text that covers the traditional topics studied in a modern elementary algebra course. Use of this book will help the student develop the insight and intuition necessary to master algebraic techniques and manipulative skills.Elementary Algebra is a work text that covers the traditional topics studied in a modern elementary algebra course. It is intended for students who (1) have no exposure to elementary algebra, (2) have previously had an unpleasant experience with elementary algebra, or (3) need to review algebraic concepts and techniques. |
| 542 1# - INFORMATION RELATING TO COPYRIGHT STATUS | |
| Copyright statement | Attribution |
| 546 ## - LANGUAGE NOTE | |
| Language note | In English. |
| 588 0# - SOURCE OF DESCRIPTION NOTE | |
| Source of description note | Description based on print resource |
| 650 #0 - SUBJECT ADDED ENTRY--TOPICAL TERM | |
| Topical term or geographic name entry element | Mathematics |
| Form subdivision | Textbooks |
| 700 1# - ADDED ENTRY--PERSONAL NAME | |
| Personal name | Burzynski, Denny |
| Relator term | author |
| 710 2# - ADDED ENTRY--CORPORATE NAME | |
| Corporate name or jurisdiction name as entry element | Open Textbook Library |
| Relator term | distributor |
| 856 40 - ELECTRONIC LOCATION AND ACCESS | |
| Uniform Resource Identifier | <a href="https://open.umn.edu/opentextbooks/textbooks/260">https://open.umn.edu/opentextbooks/textbooks/260</a> |
| Public note | Access online version |
| Withdrawn status | Lost status | Source of classification or shelving scheme | Damaged status | Not for loan | Home library | Shelving location | Date acquired | Total Checkouts | Full call number | Date last seen | Uniform Resource Identifier | Price effective from | Koha item type |
|---|---|---|---|---|---|---|---|---|---|---|---|---|---|
| Digital Library | Online Access | 05.11.2020 | QA1 | 05.11.2020 | https://open.umn.edu/opentextbooks/textbooks/260 | 05.11.2020 | eBook |